| 000 | 01048na a2200313 4500 | ||
|---|---|---|---|
| 001 | 15799 | ||
| 003 | MIRAKIL | ||
| 005 | 20181213155004.0 | ||
| 008 | 160929b tu 000 0 | ||
| 020 | _a9786054307869 | ||
| 035 | _a15799 | ||
| 040 |
_aMilas _btur _cTR-AnCHP |
||
| 082 |
_a956.226 _bT66 2010 |
||
| 090 | _a956.226 T66 2010 | ||
| 245 |
_aToplarönü _b(İstanbullu Doğan Kuban ve Boğaziçi) _cSöyleşi Rozerin Doğan; editör Ebrar Metin |
||
| 246 | _aİstanbullu Doğan Kuban ve Boğaziçi | ||
| 260 |
_aİstanbul _bHeyamola yayınları _c2010 |
||
| 300 |
_a102 s. _bres. _c20 sm. |
||
| 490 |
_aHeyamola Yayınları _v182 |
||
| 600 |
_aKuban, Doğan _d1926 - _xAnılar _yTarih |
||
| 650 |
_aMimarlar _xSöyleşiler _zİstanbul |
||
| 651 |
_aAnadoluhisarı (İstanbul) _xTarih _yTarih |
||
| 651 |
_aİstanbul Boğazı _xGezi ve tanıtım _yTarih |
||
| 651 |
_aİstanbul _xKültür _yTarih |
||
| 651 |
_aİstanbul _xSosyal yaşam ve gelenekler _yTarih |
||
| 700 | _aDoğan, Rozerin | ||
| 700 | _aMetin, Ebrar | ||
| 942 |
_2ddc _cBKS |
||
| 999 |
_c4394 _d4394 |
||